[Event "Titled Tuesday intern op 3rd Sept"]
[Site "Chess.com INT"]
[Date "2019.09.03"]
[Round "6"]
[White "Diaz Rosas, Julio Cesar"]
[Black "Desmarais, Nicholas E"]
[Result "1-0"]
[WhiteElo "2344"]
[BlackElo "2048"]
[PlyCount "55"]
[EventDate "2019.09.03"]
[EventType "swiss (blitz)"]
[EventRounds "10"]
[EventCountry "USA"]
[SourceTitle "EXT 2021"]
[Source "ChessBase"]
[SourceDate "2020.10.23"]
[SourceVersion "1"]
[SourceVersionDate "2020.10.23"]
[SourceQuality "1"]

1. e4 e6 2. d4 d5 3. e5 c5 4. c3 Nc6 5. Nf3 Qb6 6. a3 f6 7. exf6 Nxf6 8. Bd3 Bd6 9. 0-0 0-0 10. Re1 Bd7 11. b4 cxd4 12. cxd4 Rae8 13. Nc3 a6 14. Na4 Qc7 15. Nc5 e5 16. Nxd7 Nxd7 17. dxe5 Ncxe5 18. Bb2 Nxf3+ 19. gxf3 Bxh2+ 20. Kg2 Be5 21. Bxh7+ Kxh7 22. Rh1+ Kg8 23. Qxd5+ Rf7 24. Rh8+ Kxh8 25. Qxf7 Re6 26. Qxe6 Nf6 27. Rh1+ Nh7 28. Qe8# 1-0

[Event "Titled Tuesday intern op 3rd Sept"]
[Site "Chess.com INT"]
[Date "2019.09.03"]
[Round "4"]
[White "Shymanskyi, Oleksandr"]
[Black "Desmarais, Nicholas E"]
[Result "0-1"]
[WhiteElo "2296"]
[BlackElo "2048"]
[PlyCount "66"]
[EventDate "2019.09.03"]
[EventType "swiss (blitz)"]
[EventRounds "10"]
[EventCountry "USA"]
[SourceTitle "EXT 2021"]
[Source "ChessBase"]
[SourceDate "2020.10.23"]
[SourceVersion "1"]
[SourceVersionDate "2020.10.23"]
[SourceQuality "1"]

1. b3 b6 2. Bb2 Bb7 3. e3 e6 4. Nf3 f5 5. Be2 Nf6 6. 0-0 Be7 7. c4 0-0 8. d4 Ne4 9. Nc3 Nxc3 10. Bxc3 d6 11. Nd2 Nd7 12. Bf3 Bxf3 13. Qxf3 e5 14. dxe5 Nxe5 15. Qd5+ Kh8 16. Rad1 Bf6 17. Bxe5 dxe5 18. Nf3 e4 19. Qxf5 Qe8 20. Nd2 Be5 21. Qxe4 Qh5 22. f4 Bd6 23. Nf3 Rae8 24. Qd3 Bc5 25. Nd4 Rd8 26. g3 Qh3 27. Qc3 Rfe8 28. b4 Be7 29. e4 c5 30. Nc6 cxb4 31. Rxd8 Rxd8 32. Qc1 Bc5+ 33. Kh1 Rd2 0-1

[Event "Titled Tuesday intern op 7th Aug"]
[Site "Chess.com INT"]
[Date "2018.08.07"]
[Round "7"]
[White "Desmarais, Nicholas E"]
[Black "Carlsson, Ludvig"]
[Result "0-1"]
[WhiteElo "2017"]
[BlackElo "2118"]
[PlyCount "132"]
[EventDate "2018.08.07"]
[EventType "swiss (blitz)"]
[EventRounds "10"]
[EventCountry "USA"]
[SourceTitle "EXT 2021"]
[Source "ChessBase"]
[SourceDate "2020.10.23"]
[SourceVersion "1"]
[SourceVersionDate "2020.10.23"]
[SourceQuality "1"]

1. e4 e5 2. f4 exf4 3. Nf3 g5 4. h4 g4 5. Ne5 d6 6. Nxg4 Nf6 7. Nxf6+ Qxf6 8. Nc3 Nc6 9. d4 Qxd4 10. Bxf4 Qxd1+ 11. Rxd1 Bg4 12. Be2 Bxe2 13. Kxe2 0-0-0 14. Bg5 Be7 15. Bxe7 Nxe7 16. Rdf1 Rdf8 17. Rf2 Kd7 18. Rhf1 Rhg8 19. Nd1 f6 20. Ne3 Ke6 21. g4 Rf7 22. Rf4 Ng6 23. R4f2 Nxh4 24. Rh1 Ng6 25. Rfh2 Ne5 26. Rxh7 Rgg7 27. Rxg7 Rxg7 28. Rh4 Ng6 29. Rh6 Nf4+ 30. Kf3 Ng6 31. Nf5 Ne5+ 32. Ke3 Nxg4+ 33. Kd4 Nxh6 34. Nxg7+ Kf7 35. Nh5 Ng8 36. c4 b6 37. b4 Ne7 38. c5 dxc5+ 39. bxc5 Ke6 40. cxb6 cxb6 41. Nf4+ Kd6 42. Nh5 Nc6+ 43. Kc4 Ke5 44. Kb5 Nb8 45. a4 Ke6 46. a5 bxa5 47. Kxa5 Ke5 48. Kb5 Ke6 49. Kc5 Ke5 50. Kb5 Ke6 51. Kc5 a5 52. Kb5 Nc6 53. Ka4 Ke5 54. Kb5 Ke6 55. Ka4 Ke5 56. Kb5 Ke6 57. Nf4+ Kd6 58. Nd5 f5 59. Nc3 f4 60. Ne2 f3 61. Ng3 f2 62. Kc4 Ke5 63. Kb5 Kf4 64. Nf1 Kxe4 65. Kc4 Kf3 66. Kd3 a4 0-1

[Event "Titled Tuesday intern op 4th July"]
[Site "Chess.com INT"]
[Date "2017.07.04"]
[Round "6"]
[White "Green, Andrew"]
[Black "Desmarais, Nicholas E"]
[Result "1/2-1/2"]
[WhiteElo "2065"]
[BlackElo "2083"]
[PlyCount "74"]
[EventDate "2017.07.04"]
[EventType "swiss (blitz)"]
[EventRounds "10"]
[EventCountry "USA"]
[SourceTitle "EXT 2021"]
[Source "ChessBase"]
[SourceDate "2020.10.23"]
[SourceVersion "1"]
[SourceVersionDate "2020.10.23"]
[SourceQuality "1"]

1. d4 e6 2. Nf3 f5 3. c4 b6 4. Nc3 Bb7 5. Qc2 Bb4 6. Bd2 Nf6 7. a3 Bxc3 8. Bxc3 0-0 9. 0-0-0 Ne4 10. Be1 a5 11. e3 a4 12. Ne5 d6 13. Nd3 Nc6 14. f3 Nf6 15. h3 Qe8 16. g4 Na5 17. Be2 b5 18. cxb5 Nb3+ 19. Kb1 Nd5 20. Bf2 Qxb5 21. Nc5 Qb6 22. Nxe6 Rfe8 23. gxf5 c5 24. Rhg1 Rxe6 25. fxe6 cxd4 26. e4 Rc8 27. Qd3 Nc3+ 28. bxc3 Nd2+ 29. Ka1 Rxc3 30. Qxd2 Rxa3+ 31. Qa2 Rxa2+ 32. Kxa2 Qb3+ 33. Ka1 Qc3+ 34. Kb1 Qb3+ 35. Ka1 Qa3+ 36. Kb1 Qb3+ 37. Ka1 Qc3+ 1/2-1/2

[Event "Titled Tuesday intern op 4th July"]
[Site "Chess.com INT"]
[Date "2017.07.04"]
[Round "10"]
[White "Tashkov, Rumen"]
[Black "Desmarais, Nicholas E"]
[Result "1-0"]
[WhiteElo "2236"]
[BlackElo "2083"]
[PlyCount "85"]
[EventDate "2017.07.04"]
[EventType "swiss (blitz)"]
[EventRounds "10"]
[EventCountry "USA"]
[SourceTitle "EXT 2021"]
[Source "ChessBase"]
[SourceDate "2020.10.23"]
[SourceVersion "1"]
[SourceVersionDate "2020.10.23"]
[SourceQuality "1"]

1. d4 e6 2. c4 b6 3. Nf3 Bb7 4. g3 Bb4+ 5. Nc3 f5 6. Bg2 Nf6 7. Bd2 0-0 8. 0-0 Bxc3 9. Bxc3 Ne4 10. Rc1 d6 11. Be1 Nd7 12. b4 a5 13. bxa5 bxa5 14. Nd2 Nxd2 15. Bxd2 Bxg2 16. Kxg2 e5 17. dxe5 Nxe5 18. c5 d5 19. Bc3 Re8 20. Qd4 Qd7 21. Rfd1 c6 22. Rb1 Ng4 23. e3 Qf7 24. Rb6 Re4 25. Qd2 Qh5 26. h3 Ne5 27. Bxe5 Rxe5 28. Rxc6 Rf8 29. Qd4 Qe8 30. Rd6 g5 31. Rxd5 Re4 32. Qd3 h6 33. Rd7 f4 34. Qd5+ Kh8 35. exf4 gxf4 36. c6 f3+ 37. Kh2 Re2 38. Qd4+ Qe5 39. Qxe5+ Rxe5 40. c7 Rc8 41. Rd8+ Re8 42. Rxe8+ Rxe8 43. Rd8 1-0